| 000 | 00861nam a2200265 a 4500 | ||
|---|---|---|---|
| 001 | BRCA_6410 | ||
| 005 | 20190320205437.0 | ||
| 008 | 090911s1930----gw-a######---#000-0#ger-# | ||
| 041 | _ager | ||
| 044 | _agw | ||
| 050 | 4 |
_aN2230 _b.G46 2 1930 |
|
| 245 | 1 | 0 |
_aDie Gemäldegalerie _bdie Italienischen Meister 13. bis 15. jahrundert _cStaatliche Museen Berlin. |
| 260 |
_aBerlín, Alemania _bPaul Cassirer _c1930 |
||
| 300 |
_a145 p. _bil., 300 láminas _c24 cm. |
||
| 500 | _aIncluye directorio de ilustraciones | ||
| 500 | _aVer también CDE35 | ||
| 500 | _aS52c | ||
| 610 | 2 | 4 |
_aGemälde Galerie (Alemania) _916028 |
| 650 | 1 | 4 |
_aArte italiano _vHistoria _ySiglo XIII-XV _916029 |
| 650 | 1 | 4 |
_aObras de arte _vCatálogos _916030 |
| 650 | 1 | 4 |
_aGalerías y museos _zAlemania _95059 |
| 710 | 2 |
_aStaatliche Museen Berlin _916031 |
|
| 902 | _aGFM | ||
| 942 |
_2lcc _cB |
||
| 999 |
_c6095 _d6095 |
||